Normal view
MARC view
Entry Personal Name
001 - CONTROL NUMBER
- control field: 13071
003 - CONTROL NUMBER IDENTIFIER
- control field: BD-RjUL
005 - DATE AND TIME OF LATEST TRANSACTION
- control field: 20240519123517.0
008 - FIXED-LENGTH DATA ELEMENTS
- fixed length control field: 240519|| aca||aabn | a|a d
040 ## - CATALOGING SOURCE
- Original cataloging agency: BD-RjUL
- Transcribing agency: BD-RjUL
100 ## - HEADING--PERSONAL NAME
- Personal name: Haley, Bernard Francis, ed. (V-2)
670 ## - SOURCE DATA FOUND
- Source citation: Work cat.: (BD-RjUL)2231: A survey of contemporary economics /, C1948-c1952 [printing 1949-1964].